| 000 | 02026cam a22004694i 4500 | ||
|---|---|---|---|
| 003 | PE-LiUPU | ||
| 005 | 20250731172949.0 | ||
| 008 | 150623s1991 is rb 000 0 eng d | ||
| 020 | _a9650505490 | ||
| 035 | _a(Sirsi) i9789650505493 | ||
| 040 |
_aPE-LiUPU _bspa _cPE-LiUPU _dPE-LiUPU _erda |
||
| 049 | _aPRUA | ||
| 082 | 0 | 4 |
_a231.73 _bZ19 _221 |
| 100 | 1 |
_aZakovitch, Yair, _eautor. |
|
| 245 | 1 | 4 |
_aThe concept of the miracle in the Bible / _cYair Zakovitch. |
| 264 | 1 |
_aTel-Aviv, Israel : _bMOD Books, _c1991. |
|
| 300 |
_a150 páginas ; _c23 centímetros |
||
| 336 |
_atext _2rdacontent |
||
| 337 |
_aunmediated _2rdamedia |
||
| 338 |
_avolume _2rdacarrier |
||
| 504 | _aIncluye bibliografía. | ||
| 505 | 0 | _aHow does one identify the Biblical miracles? -- Is Only a diversion from the laws of the universe considered a miracle? -- Are all God's actions miracles? an attempt to define the miracle -- Control mechanisms in the accounts of miracles and more on control mechanisms -- Miracle and Myth -- Miracle and Magic -- The performer of the miracle: God and man -- Life and death in the world of the miracle -- Miracle and tests -- Miracle and retribution -- The seeing of miracles, their remembrance and their purpose -- The rationalization of religious motifs. | |
| 526 | _aSEG42 | ||
| 526 | _aSEG41 | ||
| 526 | _aSEG40 | ||
| 526 | _aSEG39 | ||
| 526 | _aP94 | ||
| 526 | _aP87 | ||
| 526 | _aP86 | ||
| 526 | _aP85 | ||
| 526 | _aP77 | ||
| 526 | _aP76 | ||
| 526 | _aP35 | ||
| 630 |
_aBiblia. _pA.T. _xCrítica, interpretación, etc. |
||
| 650 | 0 | 4 | _aMilagros |
| 942 |
_2ddc _cBOOK |
||
| 949 |
_a231.73 Z19 _wDEWEY _c1 _i44846 _lCCODEBUL1 _mBUL _r0 _sY _tBOOK _u2015-6-24 _xTEOLOGIA _PP35 _0COMPRA _o.STAFF. Colección General |
||
| 994 |
_aC0 _bPEPRU |
||
| 596 | _a1 | ||
| 999 |
_a231.73 Z19 _wDEWEY _c21719 _i44846 _f2021-11-9 _g5 _lCCODEBUL1 _mBUL _p18.55 _r0 _sY _tBOOK _u2015-6-24 _xTEOLOGIA _PP35 _0COMPRA _o.STAFF. Colección Teología _d21719 |
||
| 980 |
_81 _gALBERTO SANCHEZ Responsable de Automatización |
||